000 01085cam a22001934a 4500
005 20250605164110.0
008 250528s ||||||||||||||||||||||||d
035 _a17882
020 _a9780749469368
040 _aGR-AtMCL
_bgre
_dGR-AtMCL
_eAACR2
245 1 _aStrategic Talent Development / Develop and Engage all your People for Business Success
260 _bKogan Page,
_c2013
300 _a248
520 _aThis book is a comprehensive guide on how to design and implement an effective, high performance talent strategy across the whole organization. Acknowledgements, Preface, Introduction, The New World Organization, Organizational Values, Strategic Framework, A Focus on the Future, Self-Managed Succession: Learning, Self-Managed Succession: Careers, Creating a People Databank: Succession and Workforce Learning, Performance and Pay, Nearby Management, Faraway Leadership, Strategic Talent Development Checklist, Further Reading, References, Appendix: Mind the Gap, Index.
700 1 _aCaplan Janice
_94176
942 _cBK
999 _c3281
_d3281